000 00461cam a22001457a 4500
008 180718b1992 xxu||||| |||| 00| 0 eng d
082 _aG22x54 K151
100 _aKashyap, Subhash C.
245 _aTen Lok Sabhas from the first to the tenth, 1952-1991
_cby Subhash C. Kashyap
260 _aDelhi
_bShipra
_c1992
300 _a264p.
650 _aIndia --Politics and government --1947-
650 _aLegislators --India
650 _aIndia. Parliament. Lok Sabha
999 _c347546
_d347546